[Event "Int. Stuttgarter Stadtmeisterschaft C"]
[Site "Ditzingen"]
[Date "2014.05.30"]
[Round "5.16"]
[White "Leutschaft, Jonathan"]
[Black "Hauger, Albrecht"]
[Result "1/2-1/2"]
[WhiteElo "962"]
[BlackElo "1060"]
[PlyCount "44"]
[EventDate "2014.??.??"]
[WhiteTeam "SF 59 Kornwestheim"]
[BlackTeam "SC Magstadt"]

1. e4 c5 2. Nf3 d6 3. Bb5+ Bd7 4. Bxd7+ Qxd7 5. d3 Nc6 6. a3 e6 7. Be3 Nf6 8.
O-O Be7 9. h3 O-O 10. Re1 Qc7 11. c3 Rfd8 12. d4 cxd4 13. Bxd4 Nxd4 14. Nxd4 a6
15. Nd2 b5 16. Qc2 Rdc8 17. N4f3 e5 18. Rec1 Rab8 19. b4 Rb6 20. Re1 Rc6 21.
Nb1 Rc4 22. Nfd2 Rc6 1/2-1/2

[Event "Int. Stuttgarter Stadtmeisterschaft C"]
[Site "Ditzingen"]
[Date "2014.05.30"]
[Round "5.17"]
[White "Mei�ner, Mogens"]
[Black "Reichardt, Felix  Alexander"]
[Result "1-0"]
[WhiteElo "1049"]
[BlackElo "768"]
[PlyCount "115"]
[EventDate "2014.??.??"]
[WhiteTeam "SK Bietigheim-Bissingen"]
[BlackTeam "Schachfreunde Markgr�flerland e."]

1. e4 e6 2. d3 d5 3. Nd2 Nf6 4. Ngf3 Bc5 5. g3 Ng4 6. d4 Be7 7. Bg2 c5 8. O-O
Nc6 9. c3 Qb6 10. Nb3 dxe4 11. Nfd2 e3 12. Qxg4 exd2 13. Bxc6+ bxc6 14. Nxd2
O-O 15. Nf3 e5 16. Qe4 Bf6 17. Nxe5 Bxe5 18. Qxe5 cxd4 19. Qxd4 Qxd4 20. cxd4
Rd8 21. Be3 Bh3 22. Rfd1 Bg4 23. Rd2 h6 24. Rc1 Rac8 25. Rc5 Rd5 26. Kg2 Rxc5
27. dxc5 Be6 28. b3 Bd5+ 29. Kf1 Kf8 30. Ke2 Ke7 31. Bf4 Ke6 32. Bd6 a6 33. Ke3
Kf5 34. f3 h5 35. Rd4 Be6 36. h4 Kg6 37. Rb4 f5 38. Rb6 a5 39. Ra6 Kf7 40. f4
Bd5 41. Rxa5 g6 42. Ra7+ Ke8 43. Rb7 Kd8 44. a4 Ra8 45. Kd2 Kc8 46. Rb6 Kd7 47.
Kc3 Ke6 48. Kb2 Be4 49. Kc3 Bd5 50. Rb7 Kf6 51. Be5+ Ke6 52. Rg7 Rb8 53. Bxb8
Kf6 54. Be5+ Ke6 55. Rxg6+ Kd7 56. Rg5 Be6 57. Rxh5 Ke7 58. Rg5 1-0

[Event "Int. Stuttgarter Stadtmeisterschaft C"]
[Site "Ditzingen"]
[Date "2014.05.30"]
[Round "5.18"]
[White "Pillin, Josef"]
[Black "Hoffmann, Julian"]
[Result "0-1"]
[WhiteElo "786"]
[BlackElo "998"]
[PlyCount "108"]
[EventDate "2014.??.??"]
[WhiteTeam "SSV Zuffenhausen"]
[BlackTeam "Schach-Kids Bernhausen e.V."]

1. e4 e5 2. Nf3 Nc6 3. Bc4 Bc5 4. d3 Nf6 5. O-O d6 6. Nc3 O-O 7. Nd5 Be6 8. Bg5
Bxd5 9. exd5 Nd4 10. c3 Nf5 11. d4 exd4 12. cxd4 Bb6 13. Rc1 c5 14. dxc6 bxc6
15. Ba6 c5 16. dxc5 Bxc5 17. Rc2 h6 18. Bxf6 Qxf6 19. Qd5 Qg6 20. Bd3 Qe6 21.
Qxf5 Qxf5 22. Bxf5 g6 23. Be4 Rfe8 24. Re1 f5 25. Bd5+ Kg7 26. Rxe8 Rxe8 27. a3
g5 28. g3 g4 29. Nh4 Re5 30. Rd2 Re1+ 31. Kg2 Re5 32. f4 gxf3+ 33. Nxf3 Re7 34.
Nd4 Bxd4 35. Rxd4 Re2+ 36. Kh3 Rxb2 37. Ra4 Rd2 38. Rxa7+ Kf6 39. Bg2 Rd3 40.
a4 Rd4 41. a5 Rg4 42. Bf3 Rg5 43. a6 Ke5 44. Re7+ Kd4 45. a7 Rg8 46. Rg7 Rxg7
47. a8=Q Rg5 48. Qd5+ Ke3 49. Kg2 f4 50. Qe4+ Kd2 51. Qxf4+ Kc3 52. Qe3+ Kc4
53. Be4 d5 54. Qd4+ Kxd4 0-1

[Event "Int. Stuttgarter Stadtmeisterschaft C"]
[Site "Ditzingen"]
[Date "2014.05.30"]
[Round "5.19"]
[White "Friedl, Bastian"]
[Black "Eid, Sami"]
[Result "1-0"]
[WhiteElo "994"]
[BlackElo "800"]
[PlyCount "25"]
[EventDate "2014.??.??"]
[WhiteTeam "SF Freiberg"]
[BlackTeam "SF Freiberg"]

1. e4 e5 2. Nf3 Nc6 3. Bc4 Bc5 4. d3 Nf6 5. Ng5 O-O 6. O-O d6 7. Nc3 Bd7 8. Nd5
Nd4 9. c3 Nxd5 10. cxd4 Bxd4 11. Bxd5 c6 12. Qh5 g6 13. Qxh7# 1-0

[Event "Int. Stuttgarter Stadtmeisterschaft C"]
[Site "Ditzingen"]
[Date "2014.05.30"]
[Round "5.21"]
[White "Perez Berroth, Pablo"]
[Black "Hoffmann, Simon"]
[Result "1-0"]
[WhiteElo "867"]
[BlackElo "785"]
[PlyCount "85"]
[EventDate "2014.??.??"]
[WhiteTeam "SSV Zuffenhausen"]
[BlackTeam "Schach-Kids Bernhausen e.V."]

1. e4 c5 2. d4 b6 3. Be3 d6 4. dxc5 bxc5 5. e5 Qa5+ 6. Bd2 Qb6 7. exd6 Qxd6 8.
g3 Qe5+ 9. Ne2 Qxb2 10. Bc3 Qb7 11. Rg1 Qf3 12. Bg2 Qh5 13. Bxa8 Qxh2 14. Rh1
Qxh1+ 15. Bxh1 Nf6 16. Nd2 Bg4 17. Bxf6 exf6 18. c4 g6 19. Qa4+ Bd7 20. Qxa7
Nc6 21. Bxc6 Bxc6 22. Rb1 Bd6 23. a4 O-O 24. Qb6 Rc8 25. Nb3 Be4 26. Qa6 Bxb1
27. Qxc8+ Bf8 28. Nxc5 Bd3 29. Nxd3 f5 30. a5 Kg7 31. a6 Bb4+ 32. Nxb4 Kh6 33.
c5 Kg7 34. c6 Kh6 35. c7 Kg7 36. Qg8+ Kh6 37. c8=Q Kg5 38. f4+ Kg4 39. Qxh7 g5
40. Qhxf5+ Kh5 41. g4+ Kh6 42. fxg5+ Kg7 43. Qg8+ 1-0

[Event "Int. Stuttgarter Stadtmeisterschaft C"]
[Site "Ditzingen"]
[Date "2014.05.31"]
[Round "6.1"]
[White "Bender, Jonas"]
[Black "Paulsen, Jonathan"]
[Result "1-0"]
[WhiteElo "1448"]
[BlackElo "1250"]
[PlyCount "49"]
[EventDate "2014.??.??"]
[WhiteTeam "SV Calw"]
[BlackTeam "SC Stetten a.d.F."]

1. f4 e5 2. fxe5 d6 3. Nf3 Nc6 4. e4 dxe5 5. Nc3 Nf6 6. Bb5 Bd6 7. O-O Bg4 8.
h3 Bh5 9. d3 O-O 10. Bxc6 bxc6 11. Bg5 h6 12. Be3 Qd7 13. Qe1 Rfe8 14. Nh4 a5
15. Qg3 Kh8 16. Bxh6 gxh6 17. Rxf6 Kh7 18. Nf5 Bg6 19. Qh4 h5 20. Qg5 Bf8 21.
g4 hxg4 22. hxg4 Bxf5 23. gxf5 Bc5+ 24. Kg2 Rg8 25. Rh1# 1-0

[Event "Int. Stuttgarter Stadtmeisterschaft C"]
[Site "Ditzingen"]
[Date "2014.05.31"]
[Round "6.3"]
[White "Hilger, Herbert"]
[Black "Winterkorn, Nikolaus"]
[Result "0-1"]
[WhiteElo "1080"]
[BlackElo "1438"]
[PlyCount "82"]
[EventDate "2014.??.??"]
[WhiteTeam "SV Stuttgart-Wolfbusch 1956 e.V."]
[BlackTeam "DJK Sportbund Stuttgart e.V."]

1. e4 e5 2. Nf3 d6 3. Bb5+ Bd7 4. Bxd7+ Nxd7 5. O-O Be7 6. Nc3 Ngf6 7. d3 O-O
8. Be3 h6 9. h3 a6 10. Re1 Nh7 11. a3 Ng5 12. Nd5 Nxf3+ 13. Qxf3 c6 14. Nxe7+
Qxe7 15. c4 Qe6 16. Rac1 c5 17. Rb1 Rfb8 18. Rec1 b6 19. Ra1 Rb7 20. a4 a5 21.
Rf1 Rf8 22. Qe2 f5 23. f3 f4 24. Bd2 Nf6 25. Be1 Nh5 26. Bf2 Rf6 27. Kh1 Rg6
28. Rg1 Rg3 29. Be1 Rg6 30. Bf2 Qe7 31. Rad1 Qe6 32. Qf1 Rf7 33. Rd2 Qe7 34.
Be1 Re6 35. Rc2 g5 36. g4 fxg3 37. Bxg3 Ref6 38. Qd1 Rxf3 39. Rcg2 Qd7 40. Kh2
Ng7 41. b3 h5 0-1

[Event "Int. Stuttgarter Stadtmeisterschaft C"]
[Site "Ditzingen"]
[Date "2014.05.31"]
[Round "6.4"]
[White "Giebler, Kai"]
[Black "Thomas, Leonhard"]
[Result "1/2-1/2"]
[WhiteElo "1454"]
[BlackElo "1340"]
[PlyCount "91"]
[EventDate "2014.??.??"]
[WhiteTeam "TSF Ditzingen"]
[BlackTeam "SV Fellbach"]

1. e4 e5 2. Nf3 Nc6 3. d4 exd4 4. Nxd4 Nxd4 5. Qxd4 d6 6. Nc3 h6 7. Bf4 Ne7 8.
O-O-O Nc6 9. Qd2 Be6 10. Bb5 Be7 11. Rhe1 O-O 12. Bxc6 bxc6 13. Re3 Bg5 14. Rg3
Bh4 15. Rd3 Bf6 16. Kb1 Qe7 17. h3 Kh7 18. g4 g5 19. Bg3 Bg7 20. Rh1 Kg8 21.
Qd1 f6 22. Ne2 Bc4 23. Re3 Bxe2 24. Qxe2 Qe6 25. f3 Rfb8 26. Rb3 Kf7 27. Qa6
Rxb3 28. axb3 c5 29. Qb7 Qc8 30. Qxc8 Rxc8 31. Rd1 Rb8 32. Ka2 Rb6 33. Ra1 Ra6+
34. Kb1 Rxa1+ 35. Kxa1 Ke6 36. c4 Kd7 37. Ka2 Kc6 38. Ka3 Bf8 39. h4 a6 40.
hxg5 hxg5 41. Be1 Kb6 42. Ka4 Be7 43. Bf2 Kb7 44. Be1 Bd8 45. b4 cxb4 46. Bxb4
1/2-1/2

[Event "Int. Stuttgarter Stadtmeisterschaft C"]
[Site "Ditzingen"]
[Date "2014.05.31"]
[Round "6.5"]
[White "Yi, Danny"]
[Black "Sandmeyer, Alexander"]
[Result "1/2-1/2"]
[WhiteElo "1405"]
[BlackElo "1257"]
[PlyCount "44"]
[EventDate "2014.??.??"]
[WhiteTeam "SF 59 Kornwestheim"]
[BlackTeam "Stuttgarter SF 1879"]

1. e4 c5 2. Nf3 Nc6 3. d4 cxd4 4. Nxd4 g6 5. Nxc6 bxc6 6. Nc3 Bg7 7. Bd2 d6 8.
Bc4 Nf6 9. Bd3 O-O 10. O-O Rb8 11. Rb1 Bd7 12. Qe1 c5 13. Bh6 Ng4 14. Bxg7 Kxg7
15. h3 Ne5 16. Qe3 Nxd3 17. Qxd3 Rb7 18. Nd5 Bb5 19. c4 Bc6 20. Qc3+ Kg8 21.
Rfe1 Bxd5 22. exd5 Qd7 1/2-1/2

[Event "Int. Stuttgarter Stadtmeisterschaft C"]
[Site "Ditzingen"]
[Date "2014.05.31"]
[Round "6.6"]
[White "Malheur, Lothar"]
[Black "J�ttner, Dennis"]
[Result "0-1"]
[WhiteElo "1341"]
[BlackElo "1098"]
[PlyCount "78"]
[EventDate "2014.??.??"]
[WhiteTeam "SF Birkenfeld"]
[BlackTeam "SpVgg Rommelshausen"]

1. d4 e6 2. e4 d5 3. e5 c5 4. Nf3 Qb6 5. c3 Nc6 6. Be3 cxd4 7. Nxd4 Nxd4 8.
Bxd4 Bc5 9. Bxc5 Qxc5 10. b4 Qc7 11. Qd4 Ne7 12. Bd3 Nc6 13. Qe3 Nxe5 14. Bb5+
Bd7 15. Bxd7+ Nxd7 16. O-O O-O 17. Re1 e5 18. Qg3 Rfe8 19. Nd2 Re6 20. Rac1 Rg6
21. Qh3 e4 22. c4 Qf4 23. Qxd7 Qxd2 24. cxd5 Rf8 25. Qh3 e3 26. Qxe3 Qxd5 27.
Qe4 Qxa2 28. Qxb7 Rf6 29. Rf1 h6 30. Ra1 Qc4 31. Qxa7 Qxb4 32. Rab1 Qf4 33.
Rbe1 Rg6 34. Re3 h5 35. Qe7 h4 36. Rh3 Rg4 37. Rg3 hxg3 38. fxg3 Qd4+ 39. Kh1
Rg6 0-1

[Event "Int. Stuttgarter Stadtmeisterschaft C"]
[Site "Ditzingen"]
[Date "2014.05.31"]
[Round "6.7"]
[White "J�ttner, Mark"]
[Black "Jelisavac, Nenad"]
[Result "1/2-1/2"]
[WhiteElo "1267"]
[BlackElo "1344"]
[PlyCount "175"]
[EventDate "2014.??.??"]
[WhiteTeam "SpVgg Rommelshausen"]

1. f4 d6 2. Nf3 Nf6 3. e3 Bg4 4. h3 Bxf3 5. Qxf3 c6 6. b3 d5 7. Bb2 Ne4 8. d3
Nf6 9. Nd2 Nbd7 10. Be2 Qc7 11. Qf2 e5 12. Bxe5 Nxe5 13. fxe5 Qxe5 14. d4 Qc7
15. O-O Bb4 16. Nf3 Ne4 17. Qh4 Ng3 18. Rf2 g6 19. Ne5 Nf5 20. Qf6 Rf8 21. Qg5
f6 22. Qf4 fxe5 23. dxe5 Bc3 24. Raf1 Bxe5 25. Qg5 Bh2+ 26. Kh1 Ng3+ 27. Qxg3
Rxf2 28. Qxf2 O-O-O 29. Bg4+ Kb8 30. Qf8 Bd6 31. Qf3 a6 32. Rb1 Rf8 33. Qe2 Qe7
34. Rg1 Re8 35. c4 Qe5 36. g3 Qxe3 37. Qxe3 Rxe3 38. cxd5 cxd5 39. Rd1 Re5 40.
Bf3 Re3 41. Bxd5 Bxg3 42. Kg2 Bc7 43. a4 Rg3+ 44. Kf2 Rxh3 45. Be6 Rh2+ 46. Kf3
Rh4 47. Rd7 Rf4+ 48. Kg2 Rf6 49. Bc4 h5 50. Bf7 h4 51. Kh3 g5 52. Bh5 Bf4 53.
Bf3 Rb6 54. Bd5 Rb4 55. Re7 Kc8 56. Re4 Rxe4 57. Bxe4 a5 58. Bd5 Kc7 59. Bc4
Kd6 60. Kg4 Ke5 61. Bd3 Kd4 62. Bc4 Ke3 63. Bd5 b6 64. Bc4 Kf2 65. Bd5 Kg1 66.
Kh3 Kf2 67. Kg4 Ke3 68. Bc4 Ke4 69. Be6 Ke5 70. Bc4 h3 71. Kxh3 Kf5 72. Bd3+
Ke5 73. Kg4 Kd4 74. Bc4 Kc5 75. Be6 Kb4 76. Bc4 b5 77. axb5 a4 78. bxa4 Kxc4
79. b6 Kd5 80. b7 Ke6 81. a5 Kf6 82. a6 Bb8 83. Kf3 Kf5 84. Kg2 Kg4 85. Kg1 Kg3
86. Kh1 Kf2 87. a7 Bxa7 88. b8=Q 1/2-1/2

[Event "Int. Stuttgarter Stadtmeisterschaft C"]
[Site "Ditzingen"]
[Date "2014.05.31"]
[Round "6.8"]
[White "Ustaosman, Hasan"]
[Black "Dendic, Amar"]
[Result "0-1"]
[WhiteElo "1007"]
[BlackElo "1281"]
[PlyCount "58"]
[EventDate "2014.??.??"]
[WhiteTeam "TSG Steinheim"]
[BlackTeam "Stuttgarter SF 1879"]

1. e4 e5 2. Nc3 Nf6 3. Bc4 Bc5 4. f4 d6 5. Be2 Nc6 6. d3 Qe7 7. f5 h6 8. Bd2
Bd7 9. Bf3 O-O-O 10. Bg4 a6 11. h3 Rdf8 12. Nge2 h5 13. Bf3 g6 14. Nd5 Nxd5 15.
exd5 Nd4 16. Bc3 Nxf3+ 17. gxf3 Bxf5 18. h4 g5 19. Ng3 Bd7 20. Ne4 gxh4 21. Qe2
h3 22. O-O-O Bb6 23. Nf2 Bxf2 24. Qxf2 Rhg8 25. Rde1 Rg2 26. Qa7 Kd8 27. Qb8+
Bc8 28. Rxh3 Qg5+ 29. Bd2 Qxd2+ 0-1

[Event "Int. Stuttgarter Stadtmeisterschaft C"]
[Site "Ditzingen"]
[Date "2014.05.31"]
[Round "6.9"]
[White "Froehlich, Franziska"]
[Black "Barna, Janos"]
[Result "1/2-1/2"]
[WhiteElo "1237"]
[BlackElo "1252"]
[PlyCount "104"]
[EventDate "2014.??.??"]
[WhiteTeam "SK e4 Gerlingen"]
[BlackTeam "SC Leinfelden"]

1. e4 e5 2. Nf3 Nc6 3. Bc4 Nf6 4. d3 d6 5. Ng5 d5 6. exd5 Nxd5 7. Qf3 f6 8.
Bxd5 Nd4 9. Bf7+ Ke7 10. Qd1 h6 11. c3 Nf5 12. O-O hxg5 13. Bc4 Qd6 14. d4 exd4
15. Re1+ Kd8 16. h3 Nh4 17. Bf7 Bd7 18. Qxd4 Qxd4 19. cxd4 c6 20. Bd2 b6 21.
Nc3 Be7 22. Re3 Nf5 23. Rd3 Nd6 24. Bb3 Kc7 25. Rc1 Rae8 26. Ba4 b5 27. Nxb5+
Kb6 28. Nxd6 Bxd6 29. d5 Bf4 30. Rb3+ Kc7 31. Bxf4+ gxf4 32. dxc6 Bc8 33. Rbc3
Re2 34. R3c2 Re4 35. b3 Rhe8 36. f3 Rd4 37. a3 a6 38. Kf2 g5 39. Re1 Re5 40.
Rce2 Rdd5 41. Rxe5 Rxe5 42. Rxe5 fxe5 43. Ke2 Bf5 44. Kf1 Bd3+ 45. Kg1 e4 46.
fxe4 Bxe4 47. Kf2 Kd6 48. g3 fxg3+ 49. Kxg3 Bf5 50. b4 Kc7 51. Bd1 Kxc6 52. Be2
Kb6 1/2-1/2

[Event "Int. Stuttgarter Stadtmeisterschaft C"]
[Site "Ditzingen"]
[Date "2014.05.31"]
[Round "6.10"]
[White "Reichmann, Bernd"]
[Black "Kobald, Jacqueline"]
[Result "1-0"]
[WhiteElo "1128"]
[BlackElo "1244"]
[PlyCount "71"]
[EventDate "2014.??.??"]
[WhiteTeam "SV Fellbach"]
[BlackTeam "SV Stuttgart-Wolfbusch 1956 e.V."]

1. e4 e5 2. Nf3 Nc6 3. Bb5 a6 4. Bxc6 dxc6 5. h3 Nf6 6. d3 Bd6 7. b3 Be6 8. Bb2
Nd7 9. Nbd2 O-O 10. O-O Qf6 11. Nh2 Qg6 12. Kh1 f5 13. f3 Nf6 14. g4 fxg4 15.
fxg4 Qh6 16. Rf3 Rf7 17. Rg3 Qg6 18. Ndf3 Nd7 19. Bc1 Be7 20. Qe2 h6 21. Bd2
Raf8 22. Rf1 h5 23. g5 Bxb3 24. axb3 Nc5 25. Bc3 Bd6 26. Bxe5 Nd7 27. Bxd6 cxd6
28. Nh4 Qe6 29. Rxf7 Rxf7 30. Rf3 Re7 31. Nf5 Re8 32. Qf1 Ne5 33. Rf2 Qg6 34.
h4 b5 35. Qa1 Qf7 36. Nh6+ 1-0

[Event "Int. Stuttgarter Stadtmeisterschaft C"]
[Site "Ditzingen"]
[Date "2014.05.31"]
[Round "6.13"]
[White "Milarch, Harald"]
[Black "Kobald, Pierre"]
[Result "1/2-1/2"]
[WhiteElo "1341"]
[BlackElo "999"]
[PlyCount "55"]
[EventDate "2014.??.??"]
[WhiteTeam "SC Schachmatt Botnang"]
[BlackTeam "SV Stuttgart-Wolfbusch 1956 e.V."]

1. e4 c5 2. Bc4 d6 3. Nc3 Nc6 4. Nf3 Nf6 5. O-O e6 6. d4 cxd4 7. Nxd4 Be7 8.
Nxc6 bxc6 9. Be3 O-O 10. Qf3 Bd7 11. Rfd1 Nxe4 12. Nxe4 d5 13. Nc5 Bxc5 14.
Bxc5 dxc4 15. Bxf8 Kxf8 16. Rd4 Qc7 17. Rad1 Rd8 18. Rxc4 e5 19. Rxc6 Bxc6 20.
Rxd8+ Qxd8 21. Qa3+ Kg8 22. f3 Qd1+ 23. Kf2 Qd2+ 24. Kg3 Qe1+ 25. Kh3 g5 26. g3
Qf1+ 27. Kg4 Bd5 28. Kxg5 1/2-1/2

[Event "Int. Stuttgarter Stadtmeisterschaft C"]
[Site "Ditzingen"]
[Date "2014.05.31"]
[Round "6.14"]
[White "Hoffmann, Julian"]
[Black "St�ckler, Klaus J"]
[Result "0-1"]
[WhiteElo "998"]
[BlackElo "1224"]
[PlyCount "58"]
[EventDate "2014.??.??"]
[WhiteTeam "Schach-Kids Bernhausen e.V."]
[BlackTeam "SC Grunbach"]

1. e4 e5 2. Nf3 Nc6 3. Bc4 d6 4. d3 Nf6 5. Nc3 a6 6. Bg5 Be7 7. Qd2 Bg4 8. Qe3
h6 9. Bxf6 Bxf6 10. Nd5 Bxf3 11. Qxf3 Nd4 12. Qd1 Bg5 13. Qh5 Nxc2+ 14. Kd1
Nxa1 15. Nb6 O-O 16. Nxa8 Qxa8 17. Ke2 Nc2 18. Rc1 Nd4+ 19. Kf1 Bxc1 20. b4 b5
21. Bb3 Nxb3 22. axb3 Bd2 23. g4 f6 24. h4 Qc6 25. Kg2 d5 26. f3 Bf4 27. Qf5
Qc2+ 28. Kf1 Qxd3+ 29. Ke1 Bg3# 0-1

[Event "Int. Stuttgarter Stadtmeisterschaft C"]
[Site "Ditzingen"]
[Date "2014.05.31"]
[Round "6.15"]
[White "Zacke, Tamara"]
[Black "Friedl, Bastian"]
[Result "0-1"]
[WhiteElo "1143"]
[BlackElo "994"]
[PlyCount "92"]
[EventDate "2014.??.??"]
[WhiteTeam "SV Stuttgart-Wolfbusch 1956 e.V."]
[BlackTeam "SF Freiberg"]

1. e4 e5 2. Nf3 Nc6 3. Bc4 Bc5 4. d3 d6 5. Be3 Nf6 6. Bxc5 dxc5 7. Bb5 Bd7 8.
Bxc6 Bxc6 9. Nxe5 Qd4 10. Nxc6 bxc6 11. c3 Qd6 12. Qf3 O-O 13. O-O Rab8 14. b3
a5 15. Nd2 Qe5 16. Rac1 Qg5 17. Nc4 Ra8 18. e5 Ng4 19. Qg3 f6 20. e6 f5 21. f4
Qf6 22. h3 Nh6 23. Qg5 Qxe6 24. Rfe1 Qd5 25. Re7 Nf7 26. Ne3 Qxd3 27. Qg3 Qd6
28. Nxf5 Qf6 29. Qg4 g6 30. Rxf7 Rxf7 31. Nh6+ Kg7 32. Nxf7 Qxf7 33. Rd1 h5 34.
Qg5 a4 35. Qe5+ Kh6 36. g3 axb3 37. axb3 Ra3 38. Qxc5 Rxb3 39. Rf1 Qf6 40. Rf3
Rb5 41. Qe3 Qf5 42. g4 hxg4 43. hxg4 Qxg4+ 44. Kf2 Rb2+ 45. Kf1 Qg2+ 46. Ke1
Rb1+ 0-1

[Event "Int. Stuttgarter Stadtmeisterschaft C"]
[Site "Ditzingen"]
[Date "2014.05.31"]
[Round "6.17"]
[White "Aksit, Ali Tayyib"]
[Black "Meißner, Mogens"]
[Result "1-0"]
[WhiteElo "725"]
[BlackElo "1049"]
[PlyCount "51"]
[EventDate "2014.??.??"]
[WhiteTeam "SF Freiberg"]
[BlackTeam "SK Bietigheim-Bissingen"]

1. d4 d5 2. Nc3 Nf6 3. Bf4 e6 4. e3 Bb4 5. Bd3 Nc6 6. Nf3 Bd7 7. Ne5 O-O 8. O-O
Bxc3 9. bxc3 Bc8 10. Rb1 Ne4 11. Rb2 Qh4 12. Bxe4 dxe4 13. Nxc6 bxc6 14. f3 Ba6
15. Rf2 exf3 16. Qxf3 Bb5 17. Bxc7 Qe7 18. Qf4 Qa3 19. Rb1 Qxa2 20. Rd1 Qb2 21.
Bd6 Rfd8 22. Qxf7+ Kh8 23. Qxe6 Re8 24. Qf7 Qxc3 25. Bf8 Re7 26. Qxe7 1-0

[Event "Int. Stuttgarter Stadtmeisterschaft C"]
[Site "Ditzingen"]
[Date "2014.05.31"]
[Round "6.18"]
[White "Ungerer, Tobias"]
[Black "Bouhadjer, Youcef"]
[Result "*"]
[WhiteElo "1045"]
[BlackElo "970"]
[PlyCount "50"]
[EventDate "2014.??.??"]
[WhiteTeam "Schach-Kids Bernhausen e.V."]
[BlackTeam "SC Neckarsulm e.V."]

1. e4 e6 2. d4 d5 3. Nc3 Nf6 4. Bg5 Be7 5. Bxf6 Bxf6 6. Nf3 O-O 7. Bd3 Be7 8.
O-O c5 9. exd5 exd5 10. Qe2 Nc6 11. dxc5 Bxc5 12. Nd2 d4 13. Qh5 g6 14. Qxc5
dxc3 15. Qxc3 Qg5 16. Nf3 Qd8 17. Rad1 Be6 18. Bxg6 Qb6 19. Be4 Rac8 20. Nd4
Nxd4 21. Qg3+ Kh8 22. Qh4 Nf5 23. Qf6+ Ng7 24. Bd3 Bf5 25. Qh4 Bxd3 *

[Event "Int. Stuttgarter Stadtmeisterschaft C"]
[Site "Ditzingen"]
[Date "2014.05.31"]
[Round "6.19"]
[White "Reichardt, Felix  Alexander"]
[Black "Leutschaft, Jonathan"]
[Result "0-1"]
[WhiteElo "768"]
[BlackElo "962"]
[PlyCount "138"]
[EventDate "2014.??.??"]
[WhiteTeam "Schachfreunde Markgr�flerland e."]
[BlackTeam "SF 59 Kornwestheim"]

1. Nf3 Nc6 2. c4 e5 3. Nc3 Nf6 4. g3 d6 5. Bg2 Be6 6. d4 Nxd4 7. Nxd4 exd4 8.
Qxd4 c6 9. Bg5 Be7 10. Rd1 Qd7 11. Bxf6 Bxf6 12. Qxd6 Bxc3+ 13. bxc3 Qxd6 14.
Rxd6 Bxc4 15. Rd2 O-O 16. a3 Rad8 17. Rxd8 Rxd8 18. f4 Re8 19. Bf3 g6 20. Kf2
f6 21. Rd1 Re7 22. Rd8+ Kf7 23. Rd4 b5 24. Re4 Rxe4 25. Bxe4 c5 26. Bc6 a6 27.
Bb7 a5 28. Be4 b4 29. cxb4 axb4 30. axb4 cxb4 31. Bb1 b3 32. h4 h6 33. g4 g5
34. hxg5 hxg5 35. fxg5 fxg5 36. Kf3 Kf6 37. e3 Ke5 38. e4 b2 39. Ke3 Bb5 40.
Bc2 Ba4 41. Bd3 Bb3 42. Bb1 Bc4 43. Kf3 Kd4 44. Kf2 Bb5 45. Bc2 Bd3 46. e5 Bxc2
47. e6 b1=Q 48. e7 Qb2 49. e8=Q Ba4+ 50. Qe2 Qxe2+ 51. Kxe2 Ke4 52. Kf2 Kf4 53.
Kg2 Kxg4 54. Kg1 Kh3 55. Kh1 g4 56. Kg1 Bc6 57. Kf1 g3 58. Kg1 g2 59. Kf2 Kh2
60. Ke2 g1=Q 61. Kd3 Qe1 62. Kd4 Qe2 63. Kc5 Qd3 64. Kb6 Be8 65. Kc5 Kg3 66.
Kb6 Qc4 67. Kb7 Qc5 68. Ka8 Qb5 69. Ka7 Kf4 0-1

[Event "Int. Stuttgarter Stadtmeisterschaft C"]
[Site "Ditzingen"]
[Date "2014.05.31"]
[Round "6.20"]
[White "Kappler, Roswitha"]
[Black "Perez Berroth, Pablo"]
[Result "0-1"]
[WhiteElo "764"]
[BlackElo "867"]
[PlyCount "50"]
[EventDate "2014.??.??"]
[WhiteTeam "SG Fasanenhof"]
[BlackTeam "SSV Zuffenhausen"]

1. e4 d5 2. Nc3 dxe4 3. Bc4 Nf6 4. Be2 Nc6 5. a3 Bf5 6. d3 e5 7. Bg5 Be7 8. Nh3
Qd7 9. O-O O-O-O 10. Qd2 h6 11. Be3 exd3 12. cxd3 Bd6 13. Na4 e4 14. d4 Bxh3
15. f4 g5 16. Nc5 Bxc5 17. Qc2 gxf4 18. Rxf4 Bd6 19. Rxf6 Rdg8 20. g3 Bxg3 21.
hxg3 Rxg3+ 22. Kf2 Rg2+ 23. Ke1 Nxd4 24. Bxd4 Qxd4 25. Kf1 Qg1# 0-1

[Event "Int. Stuttgarter Stadtmeisterschaft C"]
[Site "Ditzingen"]
[Date "2014.05.31"]
[Round "6.21"]
[White "Eid, Sami"]
[Black "Pillin, Josef"]
[Result "1/2-1/2"]
[WhiteElo "800"]
[BlackElo "786"]
[PlyCount "47"]
[EventDate "2014.??.??"]
[WhiteTeam "SF Freiberg"]
[BlackTeam "SSV Zuffenhausen"]

1. e4 e5 2. Nf3 Nc6 3. Bb5 Nf6 4. Nc3 Bc5 5. d3 O-O 6. Bg5 Nd4 7. Nxe5 d6 8.
Nc4 Bg4 9. f3 Be6 10. e5 dxe5 11. Nxe5 Bb4 12. a4 h6 13. Bh4 c6 14. Bc4 Bxc4
15. dxc4 Nf5 16. Bxf6 Qxd1+ 17. Rxd1 gxf6 18. g4 fxe5 19. gxf5 Bxc3+ 20. bxc3
c5 21. Rd5 b6 22. Rxe5 Rae8 23. f4 f6 24. Rg1+ 1/2-1/2

[Event "Int. Stuttgarter Stadtmeisterschaft C"]
[Site "Ditzingen"]
[Date "2014.05.31"]
[Round "6.22"]
[White "Hoffmann, Simon"]
[Black "Aydin, Sami"]
[Result "0-1"]
[WhiteElo "785"]
[BlackElo "932"]
[PlyCount "88"]
[EventDate "2014.??.??"]
[WhiteTeam "Schach-Kids Bernhausen e.V."]
[BlackTeam "SF Freiberg"]

1. e4 e5 2. Nf3 Nc6 3. Bc4 Bc5 4. O-O d6 5. d3 Nf6 6. Bg5 Nd4 7. Nxd4 Bxd4 8.
c3 Bc5 9. d4 Bb6 10. dxe5 dxe5 11. Qxd8+ Kxd8 12. Bxf6+ gxf6 13. Rd1+ Ke7 14.
Nd2 Bg4 15. Re1 Rad8 16. Nb3 Rhg8 17. Re3 Bxe3 18. fxe3 Rd1+ 19. Rxd1 Bxd1 20.
Nc5 b6 21. Na6 c5 22. Nc7 Rg4 23. Nd5+ Ke6 24. Nxb6+ Kd6 25. Nd5 Rxe4 26. b3 f5
27. Nf6 Rxe3 28. Nxh7 Rxc3 29. Bxf7 e4 30. Bg6 e3 31. Ng5 e2 32. Nf3 Rxf3 33.
gxf3 e1=Q+ 34. Kg2 Qe3 35. Kg3 Qg5+ 36. Kf2 Qxg6 37. Ke3 Qe6+ 38. Kf4 Qe5+ 39.
Kg5 f4+ 40. Kg4 Ke6 41. Kh3 Kf6 42. Kg4 Qg5+ 43. Kh3 Bxf3 44. a3 Qh5# 0-1

[Event "Int. Stuttgarter Stadtmeisterschaft C"]
[Site "Ditzingen"]
[Date "2014.05.31"]
[Round "7.1"]
[White "J�ttner, Dennis"]
[Black "Bender, Jonas"]
[Result "0-1"]
[WhiteElo "1098"]
[BlackElo "1448"]
[PlyCount "68"]
[EventDate "2014.??.??"]
[WhiteTeam "SpVgg Rommelshausen"]
[BlackTeam "SV Calw"]

1. e4 c5 2. d3 Nc6 3. Be2 Nf6 4. Nf3 g6 5. O-O Bg7 6. Nc3 O-O 7. e5 Ng4 8. Bf4
Ngxe5 9. Nxe5 Nxe5 10. Ne4 d6 11. Qc1 Bd7 12. Bh6 Bc6 13. Bxg7 Kxg7 14. Ng3 f5
15. h3 Nf7 16. b3 e5 17. c3 Ng5 18. f4 Ne6 19. Bf3 Bxf3 20. Rxf3 Nxf4 21. c4
Qh4 22. Kf2 Nh5 23. Qd2 Nxg3 24. Rxg3 Qd4+ 25. Kf3 e4+ 26. Ke2 exd3+ 27. Rxd3
Qxa1 28. Rxd6 Rae8+ 29. Kf2 Qe5 30. Rd7+ Rf7 31. Rxf7+ Kxf7 32. Qd7+ Re7 33.
Qc8 Qf4+ 34. Kg1 Re1# 0-1

[Event "Int. Stuttgarter Stadtmeisterschaft C"]
[Site "Ditzingen"]
[Date "2014.05.31"]
[Round "7.2"]
[White "Winterkorn, Nikolaus"]
[Black "Giebler, Kai"]
[Result "0-1"]
[WhiteElo "1438"]
[BlackElo "1454"]
[PlyCount "143"]
[EventDate "2014.??.??"]
[WhiteTeam "DJK Sportbund Stuttgart e.V."]
[BlackTeam "TSF Ditzingen"]

1. Nf3 Nf6 2. d4 g6 3. Bg5 Bg7 4. Bxf6 Bxf6 5. e3 d6 6. h3 O-O 7. Be2 c5 8. c3
Qb6 9. b3 Rd8 10. Nbd2 Qc7 11. Qc1 Bd7 12. O-O a6 13. Ne4 Bg7 14. Qb2 Bc6 15.
Ned2 b5 16. Bd3 Nd7 17. Rac1 Rdb8 18. Qc2 Nb6 19. Rfe1 c4 20. Be2 Bd7 21. Nh2
d5 22. Bf3 Ra7 23. e4 Bc6 24. e5 Bd7 25. Bg4 e6 26. Bd1 Rba8 27. Ng4 Qd8 28.
Nf3 a5 29. Qd2 Qe7 30. Nh6+ Kh8 31. Nh2 b4 32. N2g4 f5 33. exf6 Bxf6 34. Nxf6
Qxf6 35. Ng4 Qg7 36. Re3 bxc3 37. Rcxc3 cxb3 38. axb3 a4 39. bxa4 Nc4 40. Qe2
Nxe3 41. Qxe3 Qe7 42. Qe5+ Qg7 43. Qe3 Bxa4 44. Bb3 Bxb3 45. Rxb3 Qc7 46. g3
Rc8 47. Qxe6 Qd7 48. Qe5+ Qg7 49. Qxd5 Rd7 50. Qf3 Qxd4 51. Rb1 Kg7 52. Ne3 Rf8
53. Qg2 Rdf7 54. Rb7 Qa1+ 55. Kh2 Rxb7 56. Qxb7+ Rf7 57. Qg2 Qe1 58. Qg1 Rxf2+
59. Ng2 Qe2 60. Kh1 Rf1 61. Qxf1 Qxf1+ 62. Kh2 Qf2 63. h4 Kf6 64. Kh3 Qf5+ 65.
Kh2 h5 66. Ne3 Qf2+ 67. Ng2 Ke5 68. Kh3 Qg1 69. g4 hxg4+ 70. Kg3 Ke4 71. h5
gxh5 72. Kh4 0-1